000 00471nam a22001577a 4500
005 20250223110119.0
008 250223b |||||||| |||| 00| 0 eng d
020 _a0844545252
050 _aRJ61
_b.R412
245 _aGrowing up Healthy/
_cJohn T. Fodor...et al.,
250 _a3rd ed.
_bTeacher's edition
260 _aRiver Forest, Illinois
_bLaidlaw Brothers
_c1980
300 _a288p.
_bill. some color
_c24cm
700 _aFodor, John T.
942 _2lcc
_cBK
_e3rd ed.
_n0
999 _c4171
_d4171